MARC

LEADER 00000nam0a2200000 4500
001 361822
005 20231102011428.0
035 |a (RuTPU)RU\TPU\retro\19168 
090 |a 361822 
100 |a 20210705d1980 m y0rusy50 ca 
101 0 |a rus 
102 |a RU 
105 |a a z 000zy 
200 1 |a Прибор, механизм, приспособление...  |f О. О. Улановский 
210 |a Ленинград  |c Лениздат  |d 1980 
215 |a 64 с.  |c ил. 
225 1 |a Новаторы Ленинграда предлагают 
606 1 |a Гравирование  |x Механизация  |2 stltpush  |3 (RuTPU)RU\TPU\subj\39188  |9 59377 
610 1 |a гравировальные работы 
610 1 |a гравировальные станки 
610 1 |a модернизация 
610 1 |a технологическая оснастка 
610 1 |a печатные платы 
610 1 |a производство 
610 1 |a чертежные приборы 
675 |a 681.9  |v 4 
700 1 |a Улановский  |b О. О.  |g Оскар Оскарович 
801 1 |a RU  |b 63413507  |c 20210705 
942 |c BK